000 00297nam a22001337a 4500
008 181022b xxu||||| |||| 00| 0 eng d
020 _a9780324006759
041 _aeng
080 _22 ed
_a330
100 _a59
101 _aBUS
245 _aIntroduction Business
_cMadura.J
942 _2udc
_cBK
999 _c50459
_d50459